MARC

LEADER 00000nab a2200000 ar4500
001 vtls008771203
003 SK-MaSNL
005 20260305033222.0
008 060607c2005 xo wr|n|||||||000 b|slo
015 |a SLLK2005  |2 sllk 
038 |a SLLK 
040 |a SLLK  |b slo  |c sllk  |e AACR2 
041 0 |a slo 
044 |a xo  |c SK 
080 |a 316.022.4(=161.2)(437.6)  |2 2001 
080 |a 394.2:398  |2 2001 
080 |a 316.022.4(=161.25)(437.6)  |2 2001 
080 |a 316.022.4(=112.2)(437.6)  |2 2001 
080 |a 398  |2 2001 
245 0 0 |a Folklórne festivalové víkendy  |c [autor] (eo) 
611 2 7 |a Folklórny festival Rusínov-Ukrajincov Slovenska  |n (40. :  |d 2005 :  |c Kamienka, Slovensko)  |2 svkpocl  |9 1613454 
611 2 7 |a Dni nemeckej kultúry a kultúry spišských Nemcov  |d (2005 :  |c Chmeľnica, Slovensko)  |2 sllkcl  |9 1613464 
650 0 7 |a Rusíni  |z Slovensko  |2 svkpocl  |9 336690 
650 0 7 |a folklórne festivaly  |2 sllkcl  |9 29324 
650 0 7 |a Ukrajinci  |z Slovensko  |2 svkpocl  |9 348197 
650 0 7 |a Nemci  |z Slovensko  |2 svkpocl  |9 314032 
651 7 |a Kamienka (Stará Ľubovňa, Slovensko)  |2 sllkcl  |9 163381 
651 7 |a Chmeľnica (Slovensko)  |2 sllkcl  |9 28606 
651 7 |a Stará Ľubovňa (Slovensko : okres)  |2 sllkcl  |9 19196 
773 0 |t Ľubovnianske noviny  |g Roč. XXXI, č. 24 (2005) s. 2 
852 |a SLLK  |b KIS3GCP 
958 |a RN 
958 |a UK 
958 |a SK 
958 |a SS 
999 |c 3323369  |d 3325299